Loading...
| Current Events | 2 | 20.00 | 100% | 50% | 50% |
| Fine Arts - Auditory Fine Arts | 8 | 18.75 | 100% | 88% | 0% |
| Fine Arts - Visual Fine Arts | 13 | 16.15 | 100% | 54% | 8% |
| Geography | 8 | 16.25 | 100% | 38% | 25% |
| History - American History | 6 | 20.00 | 100% | 100% | 0% |
| History - Ancient History | 6 | 18.33 | 100% | 67% | 17% |
| History - European History | 5 | 18.00 | 100% | 40% | 40% |
| History - World History | 8 | 17.50 | 100% | 63% | 13% |
| Literature - American Literature | 6 | 16.67 | 100% | 50% | 17% |
| Literature - British Literature | 5 | 14.00 | 100% | 20% | 20% |
| Literature - European Literature | 6 | 13.33 | 100% | 33% | 0% |
| Literature - World Literature | 3 | 13.33 | 67% | 67% | 0% |
| Mythology | 2 | 10.00 | 50% | 50% | 0% |
| Other Academic | 4 | 15.00 | 75% | 50% | 25% |
| Philosophy | 6 | 16.67 | 83% | 83% | 0% |
| Religion | 7 | 17.14 | 100% | 57% | 14% |
| Science - Biology | 4 | 17.50 | 100% | 75% | 0% |
| Science - Chemistry | 7 | 10.00 | 86% | 14% | 0% |
| Science - Other Science | 7 | 17.14 | 100% | 71% | 0% |
| Science - Physics | 8 | 13.75 | 100% | 38% | 0% |
| Social Science | 7 | 10.00 | 71% | 29% | 0% |